[Event "CHN-ch Rapid Women 2017"]
[Site "Shenzhen"]
[Date "2017.12.08"]
[Round "8"]
[White "Zhao, Shengxin"]
[Black "Li, Xueyi"]
[Result "1/2-1/2"]
[WhiteElo "2183"]
[BlackElo "2190"]
[Annotator "TA"]
[PlyCount "125"]
[EventDate "2017.??.??"]
[EventType "rapid"]
[EventCountry "CHN"]
[SourceTitle "playchess.com"]
[Source "ChessBase"]
[SourceQuality "1"]

{[%evp 16,125,39,36,52,0,8,-33,-33,-36,-39,-47,-3,-114,-4,0,0,0,0,-9,0,0,37,0,183,103,228,218,276,283,273,238,207,107,101,107,106,56,66,59,54,-106,-109,-101,-102,-101,-109,-142,-142,-214,-216,-225,-216,-219,-225,-302,-295,-311,-304,-411,-293,-272,-263,-432,-164,-218,0,-711,0,-298,-261,-444,0,-120,-60,-188,-169,-316,-242,-252,-249,-268,-295,-294,-118,-89,-76,-110,-109,-106,-96,-168,-22,-26,-25,-28,-25,-32,-31,-16,-22,-26,-16,-20,0,0,0,-20,0,0,0,-24]} 1. d4 d5 2. c4 e6 3. Nf3 c6 4. e3 Nf6 5. Bd3 dxc4 6. Bxc4 b5 7. Bd3 Bb7 8. O-O Nbd7 9. e4 Be7 {D30: Queen's Gambit Declined: Systems without Nc3} (9... a6 10. a4 Be7 11. Bg5 h6 12. Bh4 Nh5 13. Bxe7 Qxe7 14. Re1 O-O 15. Nbd2 Rad8 16. Bf1 e5 17. axb5 cxb5 {½-½ (39) Ponomariov,R (2726)-Korobov,A (2678) Kiev 2012}) 10. a4 (10. e5 $14 Nd5 11. Nc3) 10... b4 11. Qc2 $146 ({Predecessor:} 11. Qe2 c5 12. dxc5 O-O 13. Rd1 Nxc5 14. e5 Nxd3 15. Rxd3 Nd5 16. Rd1 Rc8 17. Nbd2 Nf4 18. Qe3 Bg5 19. Qb3 Ne2+ 20. Kh1 Nxc1 21. Qxb4 Bxf3 {0-1 (21) Obodchuk,A (2442)-Mastrovasilis,D (2562) Porto Carras 2005}) 11... c5 {Black is slightly better.} 12. e5 Nd5 13. Nbd2 cxd4 {Black wants to play ...Nf4.} 14. Ne4 (14. Nb3 $1 $11) 14... Qc7 (14... O-O $17 15. Bg5 h6 16. Bxe7 Nxe7) 15. Qxc7 $11 Nxc7 16. Nd6+ Bxd6 $1 17. exd6 Bxf3 18. dxc7 Bb7 19. a5 {[%cal Ba4a5,Ba5a6][%mdl 1056] White has compensation.} O-O $2 (19... Nc5 $11 20. a6 Bc6) 20. Bb5 $36 {[%mdl 2048] White is really pushing.} (20. Bf4 $1 $18) 20... Nc5 (20... Ne5 $16 {is a better defense.}) 21. a6 $1 $18 {[%cal Ra6b7]} Bd5 22. Bf4 Rfc8 23. Rac1 Nb3 24. Rcd1 (24. Rc2 $1 $18) 24... f6 $16 25. Bd6 e5 26. Bd7 Rd8 27. cxd8=Q+ Rxd8 28. Bxb4 $2 (28. Bxe5 $1 $14 fxe5 29. Bf5) 28... Rxd7 $17 29. f3 Rc7 30. Rf2 Rc6 31. Kf1 Bc4+ ({Don't play} 31... Rxa6 32. Rc2 $15) 32. Ke1 (32. Kg1 $17) 32... Bxa6 $19 33. g4 Bb5 34. h4 a5 35. Ba3 g6 36. Rg2 Kf7 37. Kf2 d3 38. Ke3 Nd4 39. Rdg1 $2 (39. b3) 39... Ne6 $2 (39... f5 40. h5 Ke6) 40. Rd2 (40. Rd1 $142) 40... Nd4 $2 ({Better is} 40... f5 $19 {White must now prevent ...Nd4.} 41. gxf5 gxf5) 41. Rdd1 $2 {[%mdl 8192]} (41. Rdg2 $11) 41... Nb3 (41... Rc2 $142 {[%csl Gb5,Gd3,Gd4][%cal Rc2e2]} 42. Rge1 Rh2) 42. Rg2 $1 Rc2 43. Rf2 $2 (43. Rdd2 Nxd2 44. Rxd2) 43... Rc6 $2 (43... f5 $19 {Threatens to win with ...f4+.} 44. gxf5 gxf5) 44. f4 (44. Rg2 $1 $11) 44... Re6 (44... exf4+ $17 45. Kxf4 Ke6) 45. fxe5 (45. f5 $15 gxf5 46. Rxf5) 45... Rxe5+ 46. Kf3 (46. Kf4 $142) 46... Nd4+ 47. Kg3 Re3+ 48. Kf4 Rh3 49. Ke4 Ne2 (49... Nc2 $19 {and Black stays clearly on top. ( -> ...Bc6+)} 50. Bc5 Rxh4) 50. Kd5 $17 Re3 ({Of course not} 50... Rxh4 $6 51. Kc5 $11) 51. Kc5 Re5+ 52. Kb6 Bc4 53. Rdf1 {[#]} (53. Rf3 $17) 53... Re6+ ({Black should play} 53... f5 $1 $19 {[%mdl 512] Strongly threatening ...Ke6.} 54. gxf5 Rb5+ 55. Kc6 Nd4+ 56. Kc7 gxf5) 54. Kxa5 $11 Ng3 55. Rd1 Ne4 56. Rf4 d2 {...Be2 is the strong threat.} 57. Rxe4 $1 Rxe4 58. Rxd2 Rxg4 $15 {KRB-KRB} 59. Rd7+ {The position is equal.} Kg8 60. Rd8+ Kf7 61. Rd7+ Kg8 62. Rd8+ Kf7 63. Rd7+ {Precision: White = 38%, Black = 39%.} 1/2-1/2

[Event "CHN-ch Rapid Women 2017"]
[Site "Shenzhen"]
[Date "2017.12.08"]
[Round "8"]
[White "Ning, Kaiyu"]
[Black "Chu, Ruotong"]
[Result "1/2-1/2"]
[WhiteElo "2169"]
[BlackElo "2166"]
[Annotator "RC"]
[PlyCount "58"]
[EventDate "2017.??.??"]
[EventType "rapid"]
[EventCountry "CHN"]
[SourceTitle "playchess.com"]
[Source "ChessBase"]
[SourceQuality "1"]
[TimeControl "900+10"]

1. Nf3 Nf6 2. c4 g6 3. g3 Bg7 4. Bg2 c6 5. O-O d5 6. cxd5 cxd5 7. d4 O-O 8. Nc3 Ne4 9. Bf4 Nc6 10. Rc1 Bf5 11. Ne5 Nxc3 12. Rxc3 Qb6 13. e3 Qxb2 14. Rb3 Qxa2 15. Rxb7 Nxe5 16. Bxe5 Bxe5 17. dxe5 e6 18. Qd4 Rfb8 19. Rc7 Qb2 20. Qf4 Rb4 21. Qg5 Rb7 22. Rxb7 Qxb7 23. h4 Qc7 24. g4 Bd3 25. Ra1 Qc3 26. Rd1 Qc2 27. Ra1 Qc3 28. Rd1 Qc2 29. Ra1 Qc3 1/2-1/2

[Event "CHN-ch Rapid Women 2017"]
[Site "Shenzhen"]
[Date "2017.12.08"]
[Round "8"]
[White "Yuan, Ye"]
[Black "Wang, Doudou"]
[Result "0-1"]
[WhiteElo "2159"]
[BlackElo "2191"]
[Annotator "TA"]
[PlyCount "98"]
[EventDate "2017.??.??"]
[EventType "rapid"]
[EventCountry "CHN"]
[SourceTitle "playchess.com"]
[Source "ChessBase"]
[SourceQuality "1"]

{[%evp 16,98,29,0,51,27,45,35,70,-55,-37,-50,-56,-48,-34,-43,-31,-62,-54,-50,-33,-43,-44,-41,-40,-48,-47,-47,-43,-52,-50,-81,-15,-27,-21,-26,-6,-78,-83,-75,-73,-74,-66,-75,-78,-108,-99,-127,-101,-129,-82,-175,-171,-189,-166,-242,-159,-233,-223,-250,-216,-409,-411,-399,-409,-410,-412,-685,-410,-593,-326,-535,-539,-1018,-981,-965,-715,-624,-499,-1091,-1064,-29979,-29980,-29986,-29981]} 1. d4 Nf6 2. c4 g6 3. g3 Bg7 4. Bg2 d6 5. Nf3 O-O 6. O-O c6 7. Nc3 Nbd7 8. e4 e5 9. Re1 Qa5 {E68: King's Indian: Fianchetto: 6...Nbd7 7 0-0 e5 8 e4} (9... exd4 $11 10. Nxd4 Ng4) (9... exd4 10. Nxd4 Ng4 11. Nc2 Nge5 12. Ne3 Nc5 13. Bf1 h5 14. Be2 a5 15. f4 Ng4 16. Nxg4 Bxg4 17. Bxg4 hxg4 18. Qxg4 {1-0 (58) Inarkiev,E (2709)-Adhiban,B (2666) Doha 2016}) 10. Bd2 $146 ({Predecessor:} 10. h3 exd4 11. Nxd4 Ne5 12. Bf1 Re8 13. Kg2 a6 14. Be3 c5 15. Nb3 Qc7 16. f4 Nc6 17. Bf2 b6 18. Qd2 Bb7 19. Kg1 Rad8 20. Rad1 Qb8 {½-½ (44) Jianu,V (2588)-Nevednichy,V (2563) Bazna 2014}) 10... exd4 11. Nb5 Qd8 {White is slightly better.} 12. Nbxd4 (12. Nxd6 $14 c5 13. Bh3) 12... Nc5 13. Qc2 Re8 {[%cal Rc5e4]} 14. Bg5 h6 15. Bxf6 $1 Qxf6 16. Rad1 a5 17. b3 Re7 18. Re2 Bd7 19. Rde1 Rae8 20. a3 h5 21. b4 axb4 22. axb4 Na6 23. Qd2 Bg4 (23... c5 $17 24. bxc5 Nxc5) 24. h3 $11 Bxf3 25. Nxf3 Qc3 26. Qxd6 (26. b5 $11 {keeps the balance.} cxb5 27. cxb5 Qxd2 28. Rxd2) 26... Qxc4 $17 27. e5 Qxb4 28. Qd3 Nc5 $36 {[%mdl 2048] Black has good play.} 29. Qc2 Ne6 30. Re4 Qc5 31. Qe2 Rd7 32. Rc4 Qb5 33. g4 (33. h4 $17) 33... hxg4 $19 34. hxg4 Red8 35. Qc2 (35. Bf1 $142) 35... Qa5 36. Rb1 (36. Ra4 $17 Qc7 37. Bf1) 36... Bxe5 37. Ra4 Qc7 38. Nxe5 $2 {[#]} (38. Re4 Bg7 39. Bf1) 38... Qxe5 39. Re4 Qg5 40. Qe2 Rd2 41. Qe1 (41. Qf3 $142 b5 42. Qe3) 41... Kg7 42. Bf3 (42. Qe3 {was called for.}) 42... R8d4 43. Rxd4 $2 {[#]} (43. Rxb7 Rxe4 44. Qxe4) 43... Nxd4 44. Bd1 b5 45. Qe4 Ne6 46. Bf3 Qc5 47. Be2 (47. Qe3 $142 Qd6 48. Bxc6) 47... Ng5 48. Qe8 Nh3+ 49. Kg2 Qxf2+ {Precision: White = 20%, Black = 60%.} 0-1

[Event "CHN-ch Rapid Women 2017"]
[Site "Shenzhen"]
[Date "2017.12.08"]
[Round "9"]
[White "Shen, Yang"]
[Black "Xu, Huahua"]
[Result "1-0"]
[WhiteElo "2465"]
[BlackElo "2222"]
[Annotator "TA"]
[PlyCount "61"]
[EventDate "2017.??.??"]
[EventType "rapid"]
[EventCountry "CHN"]
[SourceTitle "playchess.com"]
[Source "ChessBase"]
[SourceQuality "1"]

{[%evp 9,61,0,0,0,33,34,23,16,17,16,39,18,20,0,30,30,72,76,84,76,76,76,69,83,98,96,262,241,258,253,385,380,354,315,382,393,392,321,404,390,400,401,490,483,477,460,660,620,745,726,706,700,5593,3143]} 1. d4 Nf6 2. Nf3 g6 3. Bf4 Bg7 4. h3 d6 5. e3 Nbd7 6. Nbd2 {A48: 1 d4 Nf6 2 Nf3 g6: Torre, London and Colle Systems} (6. Be2 b6 7. O-O Bb7 8. Bh2 O-O 9. c4 Ne4 10. Qc2 e5 11. Nc3 Nxc3 12. Qxc3 exd4 13. exd4 Re8 14. Rfe1 {0-1 (38) Arngrimsson,D (2376)-Ziska,H (2545) Reykjavik 2017}) 6... c6 7. Bh2 O-O 8. Be2 {White has an edge.} Re8 9. O-O e5 10. a4 $146 ({Predecessor:} 10. c3 e4 11. Ne1 Nb6 12. a4 a5 13. b4 Nbd5 14. Qb3 Re7 15. Nc4 axb4 16. cxb4 Ne8 17. Nd2 f5 18. Nc2 Nef6 19. a5 Nd7 {1-0 (19) Ezhov,V (1995)-Pisarsky,G (2080) Novosibirsk 2008}) 10... a5 11. c3 $36 {[%mdl 2048] White is pushing.} Nd5 12. Nc4 {e4 is the strong threat.} Qe7 13. Qb3 b6 14. Rfd1 Ba6 15. Bf1 Bxc4 16. Bxc4 Nc7 17. dxe5 Nxe5 $2 {[#]} (17... d5 $16) 18. Nxe5 $18 dxe5 19. Qxb6 Rab8 (19... Rec8 {is a better defense.} 20. Qxc6 Ne8) 20. Qxc6 Ne6 21. Rd7 Qf6 22. b3 Rec8 23. Qd5 Rc5 24. Qd6 Rbc8 25. Rd1 R5c6 26. Qd5 {White is clearly winning.} Rc5 27. Qb7 Rxc4 (27... Re8 $142 28. Qa7 Bf8) 28. bxc4 Rxc4 29. Qb8+ Nf8 30. Rd8 Rxa4 31. Bxe5 {Precision: White = 84%, Black = 38%.} 1-0

[Event "CHN-ch Rapid Women 2017"]
[Site "Shenzhen"]
[Date "2017.12.08"]
[Round "9"]
[White "Ni, Shiqun"]
[Black "Guo, Qi"]
[Result "0-1"]
[WhiteElo "2441"]
[BlackElo "2396"]
[Annotator "TA"]
[PlyCount "132"]
[EventDate "2017.??.??"]
[EventType "rapid"]
[EventCountry "CHN"]
[SourceTitle "playchess.com"]
[Source "ChessBase"]
[SourceQuality "1"]

{[%evp 9,132,33,45,34,39,35,32,35,41,29,34,36,38,40,39,-4,25,0,22,29,21,4,35,15,54,22,15,19,58,48,68,43,80,81,74,0,78,0,91,0,75,75,102,72,79,42,143,104,111,91,160,154,356,340,337,173,163,173,154,159,236,257,260,215,254,251,255,162,514,513,487,499,465,2,22,0,0,-24,-27,-21,-4,-52,-23,-189,-88,-139,-89,-81,-58,-159,-163,-154,-146,-153,-124,-124,-121,-132,-124,-135,-133,-277,-266,-267,-201,-297,-287,-527,-514,-1805,-1763,-846,-489,-458,-326,-680,-656,-719,-687,-884,-829,-29967,-6099,-29990,-29991]} 1. e4 e5 2. Nf3 Nc6 3. Bb5 a6 4. Ba4 Nge7 5. c3 g6 6. d4 {C70: Ruy Lopez: 3...a6 4 Ba4, Norwegian and Delayed Schliemann} exd4 7. cxd4 b5 8. Bc2 {White is slightly better.} Bg7 9. O-O O-O (9... d6 10. d5 Na5 11. Nbd2 O-O 12. Rb1 c6 13. dxc6 Naxc6 14. a3 {½-½ (14) Dominguez Perez,L (2739)-Grischuk,A (2737) Doha 2016}) 10. d5 Na5 11. Nc3 d6 12. Nd4 Bd7 13. Rb1 $146 ({Predecessor:} 13. a3 Re8 {1-0 (68) Abdulla,K (2266)-Szczepkowska,K (2412) Chakvi 2015}) 13... b4 14. Nce2 c5 15. dxc6 Naxc6 16. Nxc6 Bxc6 17. Nd4 Bb7 18. Re1 Qa5 19. Bb3 Rad8 20. Bf4 Qb6 21. Be3 Qa5 22. Bf4 Qb6 23. Be3 {aiming for Nf5.} Qa5 $1 24. Bf4 Qb6 $1 25. Nf3 h6 26. Be3 Qa5 27. Bd4 Be5 (27... Nc6 $14) 28. Qd2 Kh7 29. Qe3 Rc8 (29... Bxd4 $142 30. Nxd4 (30. Qxd4 Nc6 $16) 30... Nc6) 30. Rbc1 $16 Kg7 $2 (30... Bxd4 $16 31. Qxd4 Rcd8) 31. Bb6 Qb5 32. Nd4 (32. Nxe5 $142 dxe5 33. Bc7) 32... Qd7 $18 ({Don't go for} 32... Qxb6 $2 33. Ne6+ $1 {[%mdl 512]} fxe6 34. Qxb6 $18) 33. f4 Bf6 34. Rcd1 Ba8 (34... Kh7 $16 35. Qd2 Ba8) 35. e5 Bh4 {[#]} 36. exd6 $1 {[%mdl 512]} Ng8 (36... Qxd6 37. Ne6+) 37. Re2 {Strongly threatening Ne6+!} Rfe8 38. Qd2 {Black must now prevent f5.} Qb7 $2 (38... Nf6 {is tougher.} 39. Nf3 Bxf3 40. gxf3 Qc6) 39. d7 Rxe2 40. Qxe2 Rb8 41. d8=Q $2 (41. Bc5 $18 {And now Nf3 would win.} Qe4 42. Bd6) 41... Bxd8 $11 42. Bxd8 Rxd8 43. Kh1 {Nf5+! is the strong threat.} Re8 44. Qf2 Nf6 $40 {[%mdl 128] With the idea ...Re3! Black mounts an attack.} 45. h3 Re4 {Hoping for ...Rxf4!} 46. f5 $2 {[#]} (46. Nf3 $11) 46... g5 (46... Rf4 $1 $19 {[%cal Rf4f2] is more deadly.} 47. Qe2 g5) 47. Nf3 (47. Bxf7 $142 Qxf7 48. Ne6+ Kh7 49. Rd8) 47... Qe7 48. Re1 Qd7 49. Ne5 (49. Qc5 $1 $15) 49... Rxe1+ $17 50. Qxe1 Qxf5 51. Kg1 Bd5 52. Bxd5 Nxd5 53. Ng4 Qf4 54. a3 Qd4+ 55. Kh2 (55. Qf2 $17 Qe4 56. axb4) 55... Qxb2 $19 56. axb4 Nxb4 57. Qe7 (57. Qe4 $142) 57... Qd4 58. Ne5 $2 (58. Ne3 {was called for.} Qf4+ 59. g3 Qf2+ 60. Kh1 Qf3+ 61. Kh2 Qf2+ 62. Kh1 Qf3+ 63. Kh2) 58... Qf4+ 59. Kh1 (59. Kg1 $142 Nd5 60. Qe8) 59... Nd5 60. Qe8 Ne3 61. Nf3 Nf5 62. Qd7 $2 (62. Qd8) 62... h5 {[%cal Bh6h5,Bh5g4][%mdl 32]} 63. Qd3 g4 64. hxg4 hxg4 65. Qc3+ f6 {( -> ...Ng3+)} 66. Nd2 Ng3+ {Precision: White = 31%, Black = 46%.} 0-1

[Event "CHN-ch Rapid Women 2017"]
[Site "Shenzhen"]
[Date "2017.12.08"]
[Round "9"]
[White "Huang, Qian"]
[Black "Wang, Jue"]
[Result "1-0"]
[WhiteElo "2438"]
[BlackElo "2359"]
[Annotator "TA"]
[PlyCount "107"]
[EventDate "2017.??.??"]
[EventType "rapid"]
[EventCountry "CHN"]
[SourceTitle "playchess.com"]
[Source "ChessBase"]
[SourceQuality "1"]

{[%evp 14,107,31,27,39,33,48,49,44,47,50,44,41,52,50,42,58,54,62,62,62,59,87,84,87,97,388,391,431,431,436,443,440,441,433,431,433,435,474,459,462,453,438,376,382,380,402,390,408,393,376,361,454,448,493,494,505,506,493,480,552,550,543,504,509,368,368,367,408,401,463,442,464,332,568,563,1792,1752,1806,957,880,818,968,959,927,837,997,868,996,975,833,760,992,975,847,823]} 1. Nf3 Nf6 2. c4 c6 3. b3 d5 4. Bb2 e6 5. g3 Bd6 6. Bg2 Nbd7 7. d4 b6 {E01: Catalan: Early deviations} (7... O-O 8. Nbd2 b6 9. O-O Bb7 10. Qc2 c5 11. cxd5 exd5 12. dxc5 bxc5 13. Rad1 Re8 14. Nc4 Bc7 15. Nh4 Ne4 16. Ne3 d4 17. Nc4 Qc8 18. e3 dxe3 19. Nxe3 Be5 20. Bxe5 Rxe5 {1-0 (36) Levin,E (2506)-Schekachikhin,M (2364) Moscow 2017}) 8. O-O {LiveBook: 3 Games} Ba6 9. Nbd2 Rc8 {White is slightly better.} 10. Re1 O-O 11. e4 dxe4 12. Nxe4 Nxe4 13. Rxe4 Bb7 14. Re2 Rc7 $146 ({Predecessor:} 14... Re8 15. Ne5 Nxe5 16. dxe5 {1-0 (70) Matorin,E (2223)-Vorobiov,I (2012) Kiev 2009}) 15. Qc2 Qe7 16. Rd1 Rd8 17. Qc3 {Strongly threatening c5!} Bb4 18. Qc1 Bd6 19. Ng5 Nf6 $2 {[%mdl 8192] [#]} (19... Nf8 $16) 20. c5 $1 $18 {[%mdl 512]} bxc5 21. dxc5 Bxc5 22. Rxd8+ Qxd8 23. Qxc5 Qd1+ 24. Bf1 Ba6 {[#]} 25. Qb4 $1 {And now Re1 would win.} c5 26. Re1 Qd5 27. Qb8+ Rc8 28. Qe5 Bxf1 29. Rxf1 ({But not} 29. Kxf1 Qh1+ 30. Ke2 Qb7 $18) 29... h6 30. Qxd5 Nxd5 31. Ne4 Nb4 32. Rd1 f5 33. Nc3 Rc7 34. Rd8+ Kf7 35. Nb5 Re7 36. a3 Nc6 37. Rc8 Na5 38. Rxc5 Nxb3 39. Rc7 Rxc7 40. Nxc7 g5 41. Kf1 Nd2+ 42. Ke2 Nc4 43. Bc1 g4 $2 (43... Ke7 44. f4 gxf4 45. gxf4 Kd7) 44. Bxh6 {White is clearly winning.} Nxa3 45. Kd3 a6 46. Nxa6 Nb5 47. Nc5 Nc7 48. Bf4 Nd5 49. Kd4 Kf6 50. Nd3 Ne7 51. Be5+ Kf7 52. Bd6 Ng8 53. Ke5 Nf6 54. Nc5 {Precision: White = 87%, Black = 29%.} 1-0

[Event "CHN-ch Rapid Women 2017"]
[Site "Shenzhen"]
[Date "2017.12.08"]
[Round "9"]
[White "Zhang, Xiaowen"]
[Black "Gu, Tianlu"]
[Result "0-1"]
[WhiteElo "2332"]
[BlackElo "2197"]
[Annotator "TA"]
[PlyCount "116"]
[EventDate "2017.??.??"]
[EventType "rapid"]
[EventCountry "CHN"]
[SourceTitle "playchess.com"]
[Source "ChessBase"]
[SourceQuality "1"]

{[%evp 14,116,4,7,0,-50,-59,-105,-96,-156,-35,-55,-31,-53,-33,-29,-18,-23,-17,-31,-13,-81,-67,-91,-83,-85,-89,-95,-87,-119,-121,-118,-124,-142,-142,-145,-143,-190,-160,-183,-173,-181,-139,-153,0,-191,-181,-225,-166,-271,-272,-408,-418,-540,-361,-368,-302,-467,-459,-422,-256,-463,-467,-518,-531,-498,-515,-589,-529,-519,-477,-478,-475,-468,-449,-406,-347,-359,-333,-375,-372,-391,-376,-383,-372,-426,-421,-412,-408,-590,-592,-547,-546,-527,-358,-626,-381,-641,-524,-955,-930,-1225,-994,-5422,-5081]} 1. e4 c5 2. Nc3 Nc6 3. g3 g6 4. Bg2 Bg7 5. Nge2 e6 6. O-O Nge7 7. d3 O-O 8. Be3 {LiveBook: 49 Games} b6 {B24: Closed Sicilian: 3 g3 sidelines} (8... Nd4 9. Qd2 d6 10. Nd1 Rb8 11. Nxd4 cxd4 12. Bh6 Bxh6 13. Qxh6 Qc7 14. c3 Qc5 15. Rc1 Nc6 16. Qd2 Bd7 17. cxd4 Qxd4 18. Ne3 Ne5 {½-½ (43) Pridorozhni,A (2565)-Savchenko,B (2581) Sochi 2017}) 9. f4 d5 {Threatens to win with ...d4.} 10. exd5 exd5 {Hoping for ...d4.Black is better.} 11. d4 (11. Bf2 $142) 11... Be6 $146 (11... Ba6 $17 12. a3 Nf5) ({Predecessor:} 11... Ba6 12. Re1 Nf5 13. Bf2 cxd4 14. Nxd5 Bc4 15. Nxb6 Qxb6 16. b3 {0-1 (32) Zakharenko,I-Potiomkin,O (2321) Tomsk 2002}) 12. Bf2 $1 $15 c4 13. Qd2 Qd7 14. Kh1 h5 15. Ng1 a6 16. a4 b5 $36 {[%mdl 2048] Black has the initiative.} 17. Nf3 (17. axb5 $11 axb5 18. Nf3) 17... b4 $17 18. Ne2 a5 19. Ne5 Qc8 20. Ng1 f6 21. Nef3 {[#]} Nf5 $1 {[%cal Be7f5,Bf5d6,Bd6c4,Bc4b2][%mdl 32]} 22. Rae1 Qd7 23. h3 Nd6 24. Nh4 Bf7 25. b3 Rae8 26. bxc4 Nxc4 27. Qd3 Nb2 28. Qb3 Nc4 29. Qd3 $1 Ne7 30. Re2 Nb2 31. Qb3 (31. Qb5 $142 Qxb5 32. axb5) 31... Nxa4 $19 32. Rfe1 (32. Be1 $142) 32... Nc3 33. Re3 Nc6 34. Rxc3 {Black must now prevent Rxe8.} bxc3 35. Qxc3 (35. Ra1 {is a better defense.}) 35... Rxe1 36. Bxe1 g5 {[%cal Bg6g5,Bg5g4][%mdl 32]} 37. Nhf3 $2 (37. fxg5 fxg5 38. Nhf3) 37... g4 38. Nd2 f5 39. Bf2 a4 {[%cal Ba5a4,Ba4a3][%mdl 32]} 40. Ne2 Ra8 41. Nc1 a3 42. Na2 Ra4 43. Nb3 Rc4 44. Qd2 Qe7 45. c3 Qb7 46. Qd1 Qb6 47. Bf1 Ra4 {[%cal Bc4a4,Ba4a8,Ba8b8][%mdl 32]} 48. Bd3 Ra8 49. Bxf5 Rb8 50. Bc2 {[#]} Bg6 $1 {[%mdl 512]} 51. Bxg6 (51. Nac1 $142 Bxc2 52. Qxc2) 51... Qxb3 52. Qe2 Qb2 53. Qe6+ Kh8 54. Qxd5 $2 (54. Qf5 Qxa2 55. Qxh5+ Kg8 56. Bf7+ Kf8 57. Bxd5 Qb1+ 58. Kh2) 54... Qb5 ({Not} 54... Qxf2 55. Qxh5+ Kg8 56. Qd5+ Kh8 57. Qh5+ Kg8 58. Qd5+ Kh8 59. Qh5+ $11) 55. Qg2 $2 (55. Qxb5 Rxb5 56. Bg1) 55... Qe2 {Black is clearly winning.} 56. hxg4 {and the idea Nc1 leaves White hopeful.} Qxa2 57. Be4 Qe2 {...a2 is the strong threat.} 58. Bxc6 a2 {Precision: White = 29%, Black = 67%.} 0-1

[Event "CHN-ch Rapid Women 2017"]
[Site "Shenzhen"]
[Date "2017.12.08"]
[Round "9"]
[White "Zhai, Mo"]
[Black "Xiao, Yiyi"]
[Result "1/2-1/2"]
[WhiteElo "2302"]
[BlackElo "2311"]
[Annotator "TA"]
[PlyCount "127"]
[EventDate "2017.??.??"]
[EventType "rapid"]
[EventCountry "CHN"]
[SourceTitle "playchess.com"]
[Source "ChessBase"]
[SourceQuality "1"]

{[%evp 16,127,13,12,95,95,95,95,95,95,95,95,95,95,97,92,92,92,92,93,106,104,114,104,110,86,102,105,98,93,93,89,88,70,115,116,104,100,100,98,121,122,156,165,164,161,155,168,163,162,227,226,211,216,251,277,289,297,296,285,278,274,270,172,241,235,361,285,283,248,213,87,458,470,439,434,486,480,474,477,491,488,487,483,490,438,436,391,441,434,493,434,487,490,541,543,593,582,901,868,857,845,856,827,830,806,861,833,1100,1098,1109,1080,1008,979]} 1. c4 Nf6 2. Nc3 c5 3. Nf3 e6 4. e3 Nc6 5. d4 d5 6. cxd5 Nxd5 7. Bd3 cxd4 8. exd4 Bd6 {B14: Caro-Kann: Panov-Botvinnik Attack with 5...e6 and 5...g6} 9. O-O {LiveBook: 4 Games} Bf4 $146 (9... O-O $11) ({Predecessor:} 9... Nce7 10. Qe2 O-O 11. Qe4 Ng6 12. Bg5 f6 13. Bd2 f5 14. Qe2 Ngf4 15. Bxf4 Nxf4 16. Qe3 {½-½ (25) Ponomariov,R (2710)-Motylev,A (2649) Berlin 2015}) 10. Nxd5 $16 Bxc1 {White is better.} 11. Rxc1 Qxd5 12. Bc4 Qh5 13. d5 exd5 14. Re1+ Be6 15. Bxd5 O-O 16. Bxe6 fxe6 17. Qb3 Rab8 18. Qxe6+ Kh8 19. h3 h6 20. Ne5 {[#] g4 is the strong threat.} Rf6 21. Qg4 Qxg4 22. Nxg4 Rd6 23. Rcd1 Rbd8 24. Ne3 b5 25. Rxd6 Rxd6 {[%mdl 4096] Endgame KRN-KRN} 26. Rc1 a6 27. g3 Rf6 28. Rd1 Ne5 29. Kg2 Rc6 30. b3 Kg8 31. Rd5 Nf7 32. Rd7 Rf6 (32... Ne5 $142 33. Rd5 Nf7) 33. f4 $18 Kf8 34. Ra7 Kg8 35. Nd5 Re6 36. Kf3 Rd6 37. Ne7+ Kh7 38. Nf5 Rf6 39. Ne3 Nd8 (39... Ng5+ $142 40. Kg2 Ne4) 40. Nd5 Rc6 (40... Rd6 $142) 41. Nb4 Rc3+ 42. Kf2 Ne6 43. Rxa6 (43. Nd5 $18 {has better winning chances.} Rd3 44. Nf6+ (44. Rxa6 Nc5 $16) 44... Kg6 45. Ne8) 43... Nd4 $2 {[%mdl 8192] [#]} (43... Nc5 $16) 44. Rd6 Nf5 45. Rd3 Rc1 46. Rd5 Ne7 47. Rxb5 Nc8 48. Rd5 Ne7 49. Rd7 Ng8 50. Rd2 Nf6 51. Rc2 Rb1 52. Re2 {White is clearly winning.} Rh1 53. Kg2 Rd1 54. a4 {[%cal Ba2a4,Ba4a5,Ba5a6,Ba6a7][%mdl 32]} Rd4 55. Nc6 Rd3 56. a5 Rxb3 57. a6 Ra3 58. a7 Ra6 59. Rb2 Nd5 60. Rb7 h5 61. Kf3 Kg6 62. Ke4 Nf6+ 63. Kd4 Ra4+ 64. Rb4 {[%mdl 32768] Precision: White = 81%, Black = 40%. . An unexpected result.} 1/2-1/2